000
00238 a2200097 4500
001
59876
100
_a
245
_a
Gateway to Modern Geometry; The Poincare Half-Plane
260
_a
USA
_b
Jones and Bartlett
_c
2008
090
_c
36711
_d
36711
942
_a
NUST-CAE
_c
_c
29682
999
_c
294949
_d
294949